Normal view
MARC view
- Mrs. Fatima Zaheer
Entry Personal Name
001 - CONTROL NUMBER
- control field: 17878
003 - CONTROL NUMBER IDENTIFIER
- control field: NUST
005 - DATE AND TIME OF LATEST TRANSACTION
- control field: 20190717072642.0
008 - FIXED-LENGTH DATA ELEMENTS
- fixed length control field: 190717|| aca||aabn | a|a d
040 ## - CATALOGING SOURCE
- Original cataloging agency: NUST
- Transcribing agency: NUST
100 ## - HEADING--PERSONAL NAME
- Personal name: Mrs. Fatima Zaheer
670 ## - SOURCE DATA FOUND
- Source citation: Work cat.: (NUST): Ahmed, Qazi Mohammed 17876, Common Attitude Development Towards Advertising In Pakistan /, 2013.
